Le corps humain de A à Z - Statistiques

Statistiques générales
  • Ce quiz a été pris 169 880 fois
  • Le résultat moyen est 16 sur 24
Statistiques - réponses
Description Réponse % Correct
F Plus long os du corps humain Fémur
90%
I Partie colorée de l'œil Iris
90%
N Cicatrice du cordon ombilical Nombril
88%
Y Organes de la vision Yeux
83%
R Organe filtrant de l'appareil urinaire Rein
80%
G Articulation joignant la jambe à la cuisse Genou
79%
U Canal de sortie de la vessie Urètre
79%
E Couche superficielle de la peau Epiderme
77%
J Veine du cou Jugulaire
77%
K Protéine fibreuse constituant les cheveux Kératine
75%
A La plus grosse artère Aorte
73%
M Tissu au centre des os Moelle
70%
Q Muscle à l'avant de la cuisse Quadriceps
69%
L Il abrite les cordes vocales Larynx
66%
O Gonade femelle Ovaire
65%
B Muscle brachial en 2 parties Biceps
59%
P Os du doigt ou de l'orteil Phalange
57%
H Os du membre supérieur Humérus
53%
T Glande endocrine situéedans le cou Thyroïde
50%
C Partie du cerveau contrôlantl'équilibre et la posture Cervelet
47%
Z Muscles servant aux sourires Muscles {zygomatiques}
46%
V Cavités inférieures du cœur Ventricules
40%
S Autre nom de l'omoplate Scapula
31%
D Premier segment de l'intestin grêle Duodénum
27%
Aucun quiz correspondant
Distribution des résultats
% des personnes avec chaque résultat
Percentile par nombre de réponses
Votre historique - résultats
Vous n’avez pas pris ce quiz